000 00712 a2200229 4500
001 62628
005 20260407155919.0
008 260407a1987 arg spa d
003 AR-UNSa-BCEJYS
040 _aAR-UNSa-BCEJYS
_bspa
_cAR-UNSa-BCEJYS
080 _a352(460)
_xAdministración Municipal y Local de España
245 1 0 _aLa reforma de la administración local en España (1900-1936)
020 _a84-600-6923-2
250 _a2a. ed.
264 1 _aMadrid :
_bInstituto Nacional de Administración Pública (INAP)
_c1987
300 _a449 p.
_c24 cm.
041 _aspa
942 _cBK
590 _aniveau_biblio:m niveau_hierar:0
100 1 _aTusell Gomez, Javier
700 1 _aChacon Ortiz, Diego
999 _c7728
_d7728